| 000 | 00957nam a2200253 u 4500 | ||
|---|---|---|---|
| 005 | 20210223131425.0 | ||
| 008 | 101130s2009 r 000 0 eng d | ||
| 020 | _a9789706868398 (13 dígitos) | ||
| 020 | _a9706868399 (10 dígitos) | ||
| 035 | _aUPN01000178836 | ||
| 049 | _aCG | ||
| 050 | 4 |
_aTS155 _bC6.2 2009 |
|
| 100 | 1 | _aCollier, David A. | |
| 245 | 1 | 0 |
_aAdministración de operaciones : _bbienes, servicios y cadenas de valor / _cDavid A. Collier, James R. Evans ; tr. Lorena Peralta Rosales. |
| 250 | _a2a ed. | ||
| 260 |
_aMéxico : _bCengage learning, _c2009. |
||
| 300 |
_axxxvi, 828 p. : _bil., figs. ; _e1 CD-ROM ; 4 3/4 plg. |
||
| 500 | _aEl CD-ROM solicítalo en el mostrador de préstamos | ||
| 534 |
_pTraducción de: _tOperations management goods, services and value chains |
||
| 650 | 4 |
_aPRODUCCION - _xADMINISTRACION _913583 |
|
| 650 | 4 |
_aLOGISTICA DE LOS NEGOCIOS _96024 |
|
| 700 | 1 |
_aEvans, James R., _ecoaut. |
|
| 905 | _aLibro | ||
| 999 |
_c150939 _d150939 |
||